Music Quiz

Random Music or Bands Quiz

Three-Letter Bands and Musicians Quiz Stats

 Plays Quiz Updated Jun 29, 2018

Challenge
Share
Tweet
Embed
Score 0/14 Timer 03:00
33 Plays Today
Song Band or Musician % Correct
Losing My ReligionR.E.M.
91.9%
Take On Mea-ha
81.5%
Gangnam StylePsy
79.6%
No ScrubsTLC
77.6%
Straight Outta ComptonN.W.A.
76.4%
ChandelierSia
60.2%
We Are Youngfun.
52.2%
Song Band or Musician % Correct
Paper PlanesM.I.A.
51.8%
Are You Gonna Be My GirlJet
51.3%
Steal My SunshineLen
37.6%
Low RiderWar
36.4%
RoundaboutYes
36.3%
UnbelievableEMF
33.4%
My Own Worst EnemyLit
33.1%

You're not logged in!

Compare scores with friends on all Sporcle quizzes.
Join for Free
OR
Log In

You Might Also Like...

Show Comments

Extras

Top Quizzes Today


Score Distribution

Your Account Isn't Verified!

In order to create a playlist on Sporcle, you need to verify the email address you used during registration. Go to your Sporcle Settings to finish the process.

Report this User

Report this user for behavior that violates our Community Guidelines.

Details: